000 00718nam a2200217 a 4500
001 000010603
005 20240412074219.0
008 091008s2004 dr 000 p spa d
020 _a9993495824
040 _aDO-SdBNP
_bspa
_cBNPHU
082 _aRD861.44
_bP376p
100 1 _aPeguero Colón, Samuel
_92205
245 1 0 _aPoemas y pensamientos para refrescar el alma /
_cSamuel Peguero Colón ; prólogo Omar Medina.
260 _aSanto Domingo :
_bImprenta Dahiana,
_c2004.
300 _a67 p. ;
_c21 cm.
590 _aInventariado, 2018 / DG
650 0 _aPoesía dominicana
_966
650 0 _aLiteratura dominicana.
_967
700 1 _aMedina, Omar,
_epról.
_925682
910 _aValidado. Control de calidad BNPHU
999 _c10361
_d10361